00265nam a2200109Ia 4500008004100000020002200041082001800063100001300081245003200094260001900126300001000145210430s9999 xx 000 0 und d a978-81-317-3221-2 a519.4 R1651 N aBabu Ram aNumerical MethodscBabu Ram aIndiabPearson a447 p